Census County Divisions of Oklahoma With a Map - Statistics

General Stats
  • This quiz has been taken 120 times
  • The average score is 47 of 305
Answers on the Map
Answers color-coded by a green-red scale on the quiz's map according to % correct below.
 
Answer Stats
County CCD % Correct
Tulsa Tulsa
90%
Cleveland Norman
72%
Pontotoc Ada
59%
Alfalfa Cherokee
59%
Muskogee Muskogee
59%
Garfield Enid
57%
Comanche Lawton
54%
Pawnee Pawnee
49%
Payne Stillwater
49%
Okmulgee Okmulgee
46%
Mayes Adair
43%
Washington Bartlesville
41%
Texas Guymon
41%
Wagoner Wagoner
41%
Woodward Woodward
41%
Cimarron Boise City
39%
Ottawa Miami
39%
Nowata Nowata
39%
Cleveland Noble
38%
Canadian El Reno
36%
Kingfisher Kingfisher
36%
Pottawatomie Shawnee
36%
Cherokee Tahlequah
36%
Carter Ardmore
34%
Pawnee Cleveland
34%
Osage Pawhuska
34%
Beckham Elk City
33%
Muskogee Haskell
33%
McCurtain Idabel
33%
Pittsburg Kiowa-Pittsburg
33%
Nowata Lenapah-Delaware
33%
Kay Ponca City
33%
Jackson Altus
31%
McCurtain Broken Bow
31%
Bryan Durant
31%
Haskell McCurtain
31%
Grady Chickasha
30%
Stephens Comanche
30%
Logan Guthrie
30%
Woods Alva
28%
McIntosh Eufaula
28%
Noble Perry
28%
Le Flore Poteau
28%
Caddo Anadarko
26%
Rogers Claremore
26%
Stephens Duncan
26%
Choctaw Hugo
26%
Beckham Sayre
26%
Kay Blackwell
25%
Harper Buffalo
25%
Pittsburg McAlester
25%
Creek Sapulpa
25%
Custer Weatherford
25%
Pushmataha Antlers
23%
Beckham Carter
23%
Garvin Pauls Valley
23%
McIntosh Checotah
21%
Roger Mills Cheyenne
21%
Tillman Frederick
21%
Delaware Grove
21%
Okmulgee Henryetta
21%
Harmon Hollis
21%
Texas Hooker
21%
Delaware Kansas
21%
Tulsa North Tulsa
21%
Okfuskee Okemah
21%
Tulsa South Tulsa
21%
Kay Tonkawa
21%
Lincoln Chandler
20%
Delaware Jay
20%
Greer Mangum
20%
Grant Medford
20%
Kay Newkirk
20%
Sequoyah Sallisaw
20%
Osage Barnsdall
18%
Major Fairview
18%
Kiowa Hobart
18%
Hughes Holdenville
18%
Harper Laverne
18%
McClain Newcastle-Blanchard
18%
McClain Purcell
18%
Dewey Seiling
18%
Haskell Stigler
18%
Le Flore Talihina
18%
Johnston Tishomingo
18%
Grady Tuttle
18%
Dewey Vici
18%
Latimer Wilburton
18%
Kay Braman
16%
Creek Bristow
16%
Rogers Catoosa
16%
Custer Clinton
16%
Osage Fairfax
16%
Osage Hominy
16%
Cimarron Keyes
16%
Mayes Locust Grove
16%
Sequoyah Muldrow
16%
Washington Ochelata-Ramona
16%
Rogers Oologah-Talala
16%
Dewey Taloga-Leedey
16%
Jefferson Waurika
16%
Noble Billings
15%
Caddo Binger-Hinton
15%
Wagoner Coweta
15%
Payne Cushing
15%
Creek Kellyville-Slick
15%
Stephens Marlow
15%
Okmulgee Morris
15%
Oklahoma Oklahoma City Northeast
15%
Oklahoma Oklahoma City Northwest
15%
Oklahoma Oklahoma City Southeast
15%
Oklahoma Oklahoma City Southwest
15%
Sequoyah Roland
15%
Nowata South Coffeyville-Wann
15%
Grant Wakita
15%
Blaine Watonga
15%
Okfuskee Weleetka
15%
Hughes Wetumka
15%
Ottawa Afton-Fairland
13%
Rogers Chelsea
13%
Washington Copan
13%
Beckham Erick
13%
Blaine Geary
13%
Le Flore Heavener
13%
Kay Kaw City
13%
Grant Lamont
13%
Lincoln Meeker
13%
Woodward Mooreland
13%
Blaine Okeene
13%
Lincoln Prague
13%
Mayes Pryor Creek
13%
Sequoyah Vian
13%
Adair Watts
13%
Muskogee Webbers Falls
13%
Adair Westville
13%
Seminole Wewoka
13%
Carter Wilson
13%
Payne Yale
13%
Caddo Apache
11%
Blaine Canton
11%
Caddo Cyril-Cement
11%
Creek Drumright
11%
Canadian East Canadian
11%
Garvin Elmore City
11%
Alfalfa Helena
11%
Kingfisher Hennessey
11%
Rogers Inola
11%
Pottawatomie Maud
11%
Garfield North Garfield
11%
Osage Northwest Osage
11%
Kingfisher Okarche-Cashion
11%
Le Flore Pocola
11%
Ottawa Quapaw
11%
Jefferson Ringling
11%
Osage Southeast Osage
11%
Garfield South Garfield
11%
Le Flore Spiro
11%
Custer Thomas
11%
Tillman Tipton
11%
Cotton Walters
11%
Texas West Texas
11%
Ottawa Wyandotte
11%
Le Flore Arkoma
10%
Muskogee Boynton
10%
Caddo Carnegie
10%
Delaware Colcord
10%
Major East Major
10%
Caddo Fort Cobb
10%
Comanche Fort Sill
10%
Cherokee Hulbert
10%
Haskell Keota
10%
Seminole Konawa
10%
Kiowa Lone Wolf
10%
Osage McCord-Braden
10%
Grady Minco
10%
Alfalfa North Alfalfa
10%
Atoka North Atoka
10%
Beaver North Beaver
10%
Cleveland North Cleveland
10%
Pontotoc Northeast Pontotoc
10%
Pontotoc Northwest Pontotoc
10%
Le Flore Panama-Bokoshe
10%
Kiowa Roosevelt
10%
Beaver South Beaver
10%
Pontotoc Southeast Pontotoc
10%
Ellis South Ellis
10%
Roger Mills South Roger Mills
10%
Pontotoc Southwest Pontotoc
10%
McCurtain Valliant
10%
Muskogee Warner
10%
Lincoln Wellston
10%
Canadian West Canadian
10%
Le Flore Wister
10%
Grady Alex
8%
Grady Amber-Pocasset
8%
Okmulgee Beggs
8%
Custer Butler
8%
Alfalfa Carmen
8%
Bryan Colbert
8%
Custer Custer City
8%
Tillman Davidson
8%
Coal East Coal
8%
Johnston East Johnston
8%
Logan East Logan
8%
Love East Love
8%
Murray East Murray
8%
Noble East Noble
8%
Roger Mills East Roger Mills
8%
Pushmataha Finley-Rattan
8%
Choctaw Fort Towson
8%
McIntosh Hitchita-Pierce
8%
Cleveland Lexington
8%
Garvin Lindsay
8%
Garvin Maysville
8%
Ellis Northeast Ellis
8%
Logan North Logan
8%
Marshall North Marshall
8%
McCurtain North McCurtain
8%
Pushmataha North Pushmataha
8%
Ellis Northwest Ellis
8%
Greer Northwest Greer
8%
Pittsburg Northwest Pittsburg
8%
Muskogee Porum
8%
Pittsburg Quinton
8%
Latimer Red Oak
8%
Grady Rush Springs
8%
Kiowa Snyder
8%
McCurtain Southeast McCurtain
8%
Le Flore South Le Flore
8%
Marshall South Marshall
8%
Woods South Woods
8%
Garvin Stratford
8%
Cotton Temple
8%
Pottawatomie Wanette-Asher
8%
Atoka West Atoka
8%
Coal West Coal
8%
Haskell West Haskell
8%
Johnston West Johnston
8%
Love West Love
8%
Murray West Murray
8%
Woods West Woods
8%
Le Flore Cameron
7%
Atoka Central Atoka
7%
Logan Crescent
7%
Bryan East Bryan
7%
Cherokee East Cherokee
7%
Cleveland East Cleveland
7%
Mayes East Mayes
7%
Harmon Gould
7%
Greer Granite
7%
Pittsburg Hartshorne-Haileyville
7%
Kiowa Mountain View
7%
Bryan North Central Bryan
7%
Pittsburg North Central Pittsburg
7%
Cherokee North Cherokee
7%
Craig North Craig
7%
Comanche Northeast Comanche
7%
Lincoln Northeast Lincoln
7%
Comanche Northwest Comanche
7%
Lincoln Northwest Lincoln
7%
Creek Shamrock-Heyburn Lake
7%
Bryan South Bryan
7%
Pontotoc South Central Pontotoc
7%
Cherokee South Cherokee
7%
Comanche Southeast Comanche
7%
Hughes South Hughes
7%
Latimer South Latimer
7%
Wagoner South Wagoner
7%
Comanche Southwest Comanche
7%
Grant Southwest Grant
7%
Stephens Velma-Alma
7%
Choctaw West Choctaw
7%
Jackson West Jackson
7%
McCurtain Wright City
7%
Jackson Altus South
5%
Carter Ardmore North
5%
Okfuskee Boley
5%
Creek Bristow South
5%
Washita Central Washita
5%
Jackson East Jackson
5%
McClain East McClain
5%
Tillman East Tillman
5%
McIntosh Hanna
5%
Carter Healdton Central
5%
Carter Healdton North
5%
Caddo Hydro
5%
Muskogee Muskogee Southwest
5%
Nowata New Alluwe
5%
Washita Northeast Washita
5%
Washita Northwest Washita
5%
Okfuskee Paden
5%
Sequoyah Sallisaw North
5%
Seminole Seminole North
5%
Seminole Seminole South
5%
Bryan Southeast Bryan
5%
Washita Southeast Washita
5%
Jefferson South Jefferson
5%
Cotton Southwest Cotton
5%
Washita Southwest Washita
5%
Adair Stilwell East
5%
Adair Stilwell West
5%
Craig Vinita East
5%
Craig Vinita West
5%
Canadian Walnut
5%
Creek Keystone Lake
3%
No matching quizzes found
Score Distribution
Percent of People with Each Score
Percentile by Number Answered
Your Score History
You have not taken this quiz